| 000 | 00463cam a2200181ua 4500 | ||
|---|---|---|---|
| 020 | _a0-85404-712-3 | ||
| 041 |
_aeng _h |
||
| 082 |
_a668.4192 _bHOY/CH |
||
| 100 | _aHoyle , W . | ||
| 245 |
_aChemical aspects of plastic recycling / _cW Hoyle. _hTextual Documents |
||
| 250 |
_a1 / _b. |
||
| 260 |
_aCambridge : _bThe Royal Society of Chemistry , _c1997. |
||
| 300 | _a234 ; . | ||
| 504 | _a | ||
| 700 | 1 | _aKarsa, D R . | |
| 942 | _cBK | ||
| 999 |
_c150 _d150 |
||